000 00285 a2200121 4500
001 146202
040 _cEscola São Tomás de Aquino
100 _aBANDEIRA, Pedro
240 1 0 _aDroga de americana!
_lpor
245 1 0 _aDroga de americana!
697 _a*LITERATURA JUVENIL
942 _cBK
999 _c146202
_d146202